000 00581nam a2200193 4500
001 107068
003 ES-MaACL
005 20230906184336.0
007 t|
008 061121s1972 sp r ||||1| spa d
100 1 _aMorgaine, Daniel.
_983507
245 1 0 _aDiez aƱos para sobrevivir
_b: ( El diario de masas de 1980) /
_cDaniel Morgaine.
260 _aMadrid :
_bEditora Nacional,
_c1972.
300 _a301 p. ;
_c18 cm.
490 1 _aLibros directos ;
_v10
830 0 _aLibros directos ;
_v10
_9181797
852 _aES-MaACL
_jC-46544
_bR.82024
999 _c107068
_d107068